Pequeño Larousse ilustrado / (Registro nro. 1750)
[ vista simple ]
| 000 -CABECERA | |
|---|---|
| Campo de control | 00761cam a2200217 i 4500 |
| 005 - FECHA Y HORA DE LA ULTIMA TRANSACCION | |
| Campo de control | 20151216095944.0 |
| 008 - ELEMENTOS DE LONGITUD FIJA—INFORMACION GENERAL | |
| Campo de control | 781115t19781964fr abf d 000 0 spa |
| 020 ## - ISBN | |
| ISBN | 2030205419 : |
| 040 ## - FUENTE DE CATALOGACIÓN | |
| Agencia catalogadora original | DLC |
| Agencia transcriptora | DLC |
| Agencia Modificadora | DLC |
| -- | CO-BoIAVH |
| 041 0# - IDIOMA | |
| Código de idioma para texto/pista de sonido o título separado | Español |
| 044 ## - PAÍS DE PUBLICACIÓN | |
| País de publicación | Francia |
| 090 ## - CLASIFICACIÓN LOCAL | |
| Colección | RE- |
| Consecutivo | 00011 |
| 100 1# - ASIENTO PRINCIPAL--NOMBRE PERSONAL | |
| Nombre personal | Larousse, Pierre, |
| Fechas asociadas con el nombre | 1817-1875. |
| 9 (RLIN) | 44464 |
| 245 10 - MENCION DE TITULO | |
| Título | Pequeño Larousse ilustrado / |
| Mención de responsabilidad | por Ramón García-Pelayo y Gross. |
| 260 ## - PUBLICACION, DISTRIBUCION, ETC. (PIE DE IMPRENTA) | |
| Lugar de publicación, distribución, etc. | París : |
| Nombre del editor, distribuidor, etc. | Larousse, |
| Fecha de publicación, distribución, etc. | 1978, c1964. |
| 300 ## - DESCRIPCION FISICA | |
| Extensión | 1663 páginas : |
| Otros detalles físicos | ilustraciones (algunas a color), mapas (algunas a color) ; |
| Dimensiones | 21 x 14 cm. |
| 650 #0 - ASIENTO SECUNDARIO DE MATERIA - TERMINO TEMATICO | |
| Término temático o nombre geográfico como elemento de entrada | Enciclopedias y diccionarios, Español. |
| 9 (RLIN) | 44459 |
| 650 #0 - ASIENTO SECUNDARIO DE MATERIA - TERMINO TEMATICO | |
| Término temático o nombre geográfico como elemento de entrada | Lengua española |
| Subdivisión general | Diccionarios. |
| 9 (RLIN) | 44465 |
| 700 2# - ASIENTO SECUNDARIO - NOMBRE PERSONAL | |
| Nombre personal | García-Pelayo y Gross, Ramón. |
| 9 (RLIN) | 44461 |
| 942 ## - ELEMENTOS ADICIONALES (KOHA) | |
| Sistema de clasificación | Dewey Decimal Classification |
| Tipo de ítem | Libro |
| Withdrawn status | Lost status | Sistema de Clasificación | Damaged status | No para préstamo | Colección | Inventariado | Ubicación Permanente | Ubicación actual | Fecha de adquisición | Fuente de Valor | Valor | Total Checkouts | Número topográfico | Inventario / Código de Barras | Date last seen | Ejemplar | Price effective from | Forma de adquisición | Tipo de material |
|---|---|---|---|---|---|---|---|---|---|---|---|---|---|---|---|---|---|---|---|
| Local | Referencia | Inventariado 2017 | Bogotá | Bogotá | 15/01/1998 | Instituto | 39000.00 | RE-00011 | 005469 | 04/12/2012 | Ej.1 | 04/12/2012 | Referencia | ||||||
| Local | Referencia | Inventariado 2017 | Bogotá | Bogotá | 15/01/1998 | Instituto | 39000.00 | RE-00011 | 005470 | 04/12/2012 | Ej.2 | 04/12/2012 | Referencia | ||||||
| Local | Procesos Técnicos | Referencia | Inventariado 2017 | Sala Fabio Quevedo | Sala Fabio Quevedo | 15/01/1998 | Instituto | 39000.00 | RE-00011 | 003774 | 04/12/2012 | Ej. 3 | 04/12/2012 | Referencia | |||||
| Local | Procesos Técnicos | Referencia | Inventariado 2017 | Sala Fabio Quevedo | Sala Fabio Quevedo | 15/01/1998 | Instituto | 39000.00 | RE-00011 | 003775 | 04/12/2012 | Ej. 4 | 04/12/2012 | Referencia |